|
|
|
|
| LEADER |
00000nab a2200000 a 4500 |
| 001 |
vtls001511051 |
| 003 |
SK-MaSNL |
| 005 |
20260303210734.0 |
| 008 |
180222s2001 xo 000 0 cze |
| 035 |
|
|
|a SPKCL13378
|
| 040 |
|
|
|a SPKCL
|b slo
|c SNKBUCL
|d ŠVK P(FRM)
|e AACR2
|
| 041 |
|
|
|a cze
|
| 044 |
|
|
|a xo
|c SK
|
| 080 |
|
|
|a 379.8:374.3:323.14
|2 1981
|
| 100 |
1 |
|
|a Prokeš, Miroslav
|4 aut
|9 477467
|
| 245 |
1 |
0 |
|a Volný čas a prevence rasismu a intolerance
|c Miroslav Prokeš
|
| 650 |
0 |
7 |
|a voľný čas
|2 SNKPH
|9 3355
|
| 650 |
0 |
7 |
|a rasizmus
|2 SNKPH
|9 4585
|
| 650 |
0 |
7 |
|a neznášanlivosť
|2 SNK
|9 1242877
|
| 650 |
0 |
7 |
|a mládež
|2 SNKPH
|9 1575
|
| 650 |
0 |
7 |
|a spolupráca vo výchove
|2 SNK
|9 1043748
|
| 650 |
0 |
7 |
|a medzinárodná spolupráca
|2 SNKPH
|9 4911
|
| 650 |
0 |
7 |
|a prevencia
|2 SNK
|9 276631
|
| 651 |
|
7 |
|a Európa
|x dejiny
|2 SNKPHgeo
|9 170615
|
| 773 |
1 |
|
|t Vychovávateľ : Časopis pedagógov
|g Roč. 45, č. 9 (2001) s. 12-14
|
| 850 |
|
|
|a Slovenská pedagogická knižnica Bratislava
|
| 852 |
|
|
|a SPKCL
|b KIS3GCP
|b 000710000
|n SK
|
| 999 |
|
|
|c 2201465
|d 2203395
|